| 000 | 00715cam a2200229 a 4500 | ||
|---|---|---|---|
| 001 | 000008622 | ||
| 005 | 20200929161356.0 | ||
| 008 | 961002s1994 cu 000 0 spa | ||
| 020 | _a9590400264 | ||
| 040 |
_aDO-SdBNP _bspa _cLC _dBNPHU |
||
| 082 |
_aCu863.44 _bP116m |
||
| 100 | 1 |
_aPacheco Sosa, Sindo, _d1956- _923056 |
|
| 245 | 1 | 0 |
_aMaria Virginia esta de vacaciones / _cSindo Pacheco Sosa. |
| 260 |
_aLa Habana : _bCasa de las Américas, _c1994. |
||
| 300 |
_a126 p. ; _c21 cm. |
||
| 500 | _aLiteratura para Jóvenes. | ||
| 586 | _aPremio Casa de las Américas 1994 novela. | ||
| 650 | 4 |
_aNovela cubana _92316 |
|
| 650 | 4 |
_aLiteratura cubana _91483 |
|
| 910 | _aCatalogación por copia / LC | ||
| 049 | _aBNGR | ||
| 999 |
_c8392 _d8392 |
||